Music Quiz

Random Music or This or That Quiz
Score 0/32 Timer 02:00
1 Play Today
Song (S)pringsteen or (D)ylan % Correct
Born in the USA???
90%
Born to Run???
89.2%
Dancing in the Dark???
88.3%
Glory Days???
87.6%
Streets of Philadelphia???
87.2%
Mr. Tambourine Man???
86.3%
Like a Rolling Stone???
86%
Blowin' in the Wind???
85.8%
Hungry Heart???
85.3%
Knockin' on Heaven's Door???
84.9%
Thunder Road???
84.8%
All Along the Watchtower???
84.8%
Lay Lady Lay???
84.3%
I'm on Fire???
84%
Tangled Up in Blue???
82.2%
The River???
81.4%
Song (S)pringsteen or (D)ylan % Correct
Just Like a Woman???
80.5%
Badlands???
79.5%
The Rising???
75.8%
Shelter from the Storm???
75.4%
Visions of Johanna???
75.4%
Masters of War???
74.6%
Girl from the North Country???
74.3%
10th Avenue Freeze Out???
73.8%
Cover Me???
73.5%
Positively 4th Street???
70.9%
Forever Young???
70.9%
Brilliant Disguise???
70.7%
Desolation Row???
70.4%
My Back Pages???
70.1%
I'm Goin' Down???
69.5%
Secret Garden???
68%
Remove Ads.
Support Sporcle.
Get the best of Sporcle when you Go Orange. This ad-free experience offers more features, more stats, and more fun while also helping to support Sporcle. Thank you for becoming a member.

You're not logged in!

Compare scores with friends on all Sporcle quizzes.
OR
Log In

Show Comments

Extras

Top Quizzes Today


Score Distribution

Your Account Isn't Verified!

In order to create a playlist on Sporcle, you need to verify the email address you used during registration. Go to your Sporcle Settings to finish the process.

Report this User

Report this user for behavior that violates our Community Guidelines.

Details: